00500nam a22001457a 4500008004100000040005500041080001900096245008000115250001400195260006800209300001800277365001500295650001600310653002800326230602b |||||||| |||| 00| 0 eng d aNational Science LibrarycNational Science Library aR 31(035) bL7 aHandbook of statistics 1977 c/ Association of Indian Engineering Industry  a10th ed.  aNew Delhi: bAssociation of Indian Engineering Industry, c1977 axviii, 276p.  b40.00cINR aStatistics  aEngineering industries